Deutsche Fußballer beim FC Chelsea - Statistiken

Allgemein
  • Dieses Quiz wurde 451 mal gespielt
  • Das Durchschnittsergebnis liegt bei 5 aus 7
Antwortstatistiken
Zeitraum Spiele (Tore) Spieler % Korrekt
2020-2023 139 (32) Kai Havertz
98%
2020-2022 89 (23) Timo Werner
93%
2017-2022 203 (12) Antonio Rüdiger
89%
2006-2010 167 (25) Michael Ballack
88%
2013-2015 65 (14) André Schürrle
63%
2012-2015 16 (1) Marko Marin
37%
2003-2006 62 (2) Robert Huth
32%
Keine übereinstimmenden Quizze gefunden
Verteilung der Resultate
Anzahl Personen mit jedem Resultat
Perzentil nach korrekt beantworteten Fragen
Ihre Resultats-Entwicklung
Sie haben dieses Quiz noch nicht gespielt